Statistieken voor Landen van de EU - Tegelquiz

Klik hier om de quiz te nemen!

Algemene statistieken

  • Deze quiz is 445 keer genomen
  • De gemiddelde score is 34 van 50

Antwoordstatistieken

VraagVakSelect% Correct
landen die tot de EU horen aan.BelgiëJa
95%
landen die tot de EU horen aan.DuitslandJa
95%
landen die tot de EU horen aan.FrankrijkJa
94%
landen die tot de EU horen aan.ItaliëJa
94%
landen die tot de EU horen aan.AzerbeidzjanNee
92%
landen die tot de EU horen aan.DenemarkenJa
90%
landen die tot de EU horen aan.LuxemburgJa
90%
landen die tot de EU horen aan.GeorgiëNee
89%
landen die tot de EU horen aan.GriekenlandJa
89%
landen die tot de EU horen aan.ArmeniëNee
84%
landen die tot de EU horen aan.FinlandJa
82%
landen die tot de EU horen aan.IerlandJa
82%
landen die tot de EU horen aan.EstlandJa
81%
landen die tot de EU horen aan.KroatiëJa
81%
landen die tot de EU horen aan.SpanjeJa
81%
landen die tot de EU horen aan.HongarijeJa
80%
landen die tot de EU horen aan.PortugalJa
80%
landen die tot de EU horen aan.NederlandJa
79%
landen die tot de EU horen aan.OostenrijkJa
78%
landen die tot de EU horen aan.LetlandJa
77%
landen die tot de EU horen aan.PolenJa
77%
landen die tot de EU horen aan.LitouwenJa
76%
landen die tot de EU horen aan.BulgarijeJa
72%
landen die tot de EU horen aan.ZwedenJa
71%
landen die tot de EU horen aan.TsjechiëJa
70%
landen die tot de EU horen aan.SlovakijeJa
66%
landen die tot de EU horen aan.SloveniëJa
65%
landen die tot de EU horen aan.RoemeniëJa
61%
landen die tot de EU horen aan.KosovoNee
60%
landen die tot de EU horen aan.MaltaJa
60%
landen die tot de EU horen aan.TurkijeNee
60%
landen die tot de EU horen aan.Wit-RuslandNee
58%
landen die tot de EU horen aan.RuslandNee
55%
landen die tot de EU horen aan.AlbaniëNee
54%
landen die tot de EU horen aan.MoldaviëNee
53%
landen die tot de EU horen aan.MontenegroNee
52%
landen die tot de EU horen aan.LiechtensteinNee
51%
landen die tot de EU horen aan.Noord- MacedoniëNee
51%
landen die tot de EU horen aan.OekraïneNee
51%
landen die tot de EU horen aan.San MarinoNee
51%
landen die tot de EU horen aan.AndorraNee
50%
landen die tot de EU horen aan.Bosnië en HerzegovinaNee
49%
landen die tot de EU horen aan.VaticaanstadNee
49%
landen die tot de EU horen aan.Verenigd KoninkrijkNee
48%
landen die tot de EU horen aan.CyprusJa
47%
landen die tot de EU horen aan.ServiëNee
46%
landen die tot de EU horen aan.MonacoNee
45%
landen die tot de EU horen aan.ZwitserlandNee
45%
landen die tot de EU horen aan.IJslandNee
44%
landen die tot de EU horen aan.NoorwegenNee
29%

Scoreverdeling

Percentiel versus Aantal Correcte Antwoorden

Procent van Mensen met Elke Score

Uw Scoregeschiedenis

U heeft deze quiz nog niet genomen